| 000 | 01320cam a22003974a 4500 | ||
|---|---|---|---|
| 001 | 13657670 | ||
| 003 | OSt | ||
| 005 | 20260622081220.0 | ||
| 008 | 040716s2006 maua 001 0 eng | ||
| 010 | _a 2004016702 | ||
| 020 |
_a0072539623 _qacid-free paper |
||
| 020 |
_a9780072539622 _q(acid-free paper) |
||
| 035 | _a13657670 | ||
| 040 |
_aDLC _cDLC _dDLC |
||
| 042 | _apcc | ||
| 050 | 0 | 0 |
_aQP34.5 _b.S49 2006 |
| 082 | 0 | 0 |
_a612 _222 |
| 100 | 1 | _aShier, David. | |
| 245 | 1 | 0 |
_aHole's essentials of human anatomy and physiology / _cDavid Shier, Jackie Butler, Ricki Lewis. |
| 250 | _a9th ed. | ||
| 260 |
_aBoston : _bMcGraw-Hill, _cc2006. |
||
| 300 |
_axviii, 590 p. : _bcol. ill. ; _c28 cm. |
||
| 336 |
_atext _btxt _2rdacontent |
||
| 337 |
_aunmediated _bn _2rdamedia |
||
| 338 |
_avolume _bnc _2rdacarrier |
||
| 500 | _aIncludes index. | ||
| 650 | 0 | _aHuman physiology. | |
| 650 | 0 | _aHuman anatomy. | |
| 700 | 1 | _aButler, Jackie. | |
| 700 | 1 | _aLewis, Ricki. | |
| 856 | 4 | 1 |
_3Table of contents _uhttp://www.loc.gov/catdir/toc/ecip0420/2004016702.html |
| 906 |
_a7 _bcbc _corignew _d1 _eecip _f20 _gy-gencatlg |
||
| 942 |
_2lcc _cBK |
||
| 999 |
_c266388 _d266387 |
||